| 000 | 01039cam a2200205 4500 | ||
|---|---|---|---|
| 001 | ABS66871 | ||
| 008 | 030721n2003 000 0 eng u | ||
| 035 | _a(Sirsi) u123069 | ||
| 100 | _aOfori, G. | ||
| 245 | _aFrameworks for analysing international construction | ||
| 260 | _c2003 | ||
| 490 |
_aConstruction Management and Economics _v21(4) June 2003, 379-391(13) |
||
| 520 | _aDiscusses how the international construction market is subject to many changeable influences which can lead to fluxes in volume, mix and distribution of demand and sources of competitiveness. Compares the international performance of construction firms in middle and low income countries. Examines the applicability of various analytical frameworks to international construction. Considers the implications for future research. Tables and references. | ||
| 590 | _aABS | ||
| 650 | _aOVERSEAS CONSTRUCTION | ||
| 650 | _aCOMPETITIVENESS | ||
| 650 | _aINTERNATIONAL CONSTRUCTION MARKET | ||
| 690 | _aBUILT ENVIRONMENT-CONSTRUCTION MARKET | ||
| 942 | _n0 | ||
| 999 |
_c73077 _d73077 |
||